000
00315 a2200133 4500
000
nam a22 7a 4500
100
_a
Yasapal
110
_a
Yasapal
245
_a
Ramayan Sandarshika
250
_a
Latest edition
260
_b
Parimal Publication
_c
2025
264
_b
Parimal Publication
_c
2025
942
_c
BK
999
_c
395896
_d
395896